MARC

LEADER 00000nam0a2200000 4500
001 57704
005 20231031054413.0
010 |a 5785503611 
035 |a (RuTPU)RU\TPU\book\60925 
090 |a 57704 
100 |a 20031114d1978 km y0rusy5003 ca 
101 0 |a rus 
102 |a BY 
105 |a a z 001zy 
200 1 |a Физикохимия трения  |f Г. П. Шпеньков 
210 |a Минск  |c Университетское  |d 1978 
215 |a 396,[1] с.  |c ил. 
320 |a Библиогр.: с. 380-394 (363 назв.). 
610 1 |a физика 
610 1 |a трение 
610 1 |a износ 
610 1 |a трибохимия 
610 1 |a физическая химия 
675 |a 539.62 
700 1 |a Шпеньков  |b Г. П.  |g Георгий Петрович 
801 0 |a RU  |b RuMRKP  |c 19950417  |g psbo 
801 1 |a RU  |b 63413507  |c 20031114  |g PSBO 
801 2 |a RU  |b 63413507  |c 20150910  |g PSBO 
942 |c BK